Gta online heists in 1 minute - Statistics

General Stats
  • This quiz has been taken 366 times
  • The average score is 4 of 10
Answer Stats
Answer % Correct
The Fleeca Job
63%
The Prison Break
63%
The Diamond Casino Heist
54%
The Cayo Perico Heist
53%
The Pacific Standard
48%
The Humane Labs Raid
35%
Series A Funding
27%
The Doomsday Heist I
2%
The Doomsday Heist II
2%
The Doomsday Heist III
2%
No matching quizzes found
Score Distribution
Percent of People with Each Score
Percentile by Number Answered
Your Score History
You have not taken this quiz